<?xml version="1.0" encoding="UTF-8"?>
<record
    xmlns:xsi="http://www.w3.org/2001/XMLSchema-instance"
    xsi:schemaLocation="http://www.loc.gov/MARC21/slim http://www.loc.gov/standards/marcxml/schema/MARC21slim.xsd"
    xmlns="http://www.loc.gov/MARC21/slim">

  <leader>00627nam a22001457a 4500</leader>
  <controlfield tag="008">230427b        |||||||| |||| 00| 0 eng d</controlfield>
  <datafield tag="040" ind1=" " ind2=" ">
    <subfield code="a">National Science Library</subfield>
    <subfield code="c">National Science Library</subfield>
  </datafield>
  <datafield tag="080" ind1=" " ind2=" ">
    <subfield code="a">534(063)</subfield>
    <subfield code="b">K2</subfield>
  </datafield>
  <datafield tag="245" ind1=" " ind2=" ">
    <subfield code="a">Fourth international congress on acoustics congress report II </subfield>
    <subfield code="c">/The Organization Committee of the Fourth International Congress on Acoustics, copenhagen august 21-28 1962</subfield>
  </datafield>
  <datafield tag="260" ind1=" " ind2=" ">
    <subfield code="a">Copenhagan: </subfield>
    <subfield code="b">The Organization Committee of the Fourth International Congress on Acoustics,</subfield>
    <subfield code="c">1962 </subfield>
  </datafield>
  <datafield tag="300" ind1=" " ind2=" ">
    <subfield code="a">250p. </subfield>
  </datafield>
  <datafield tag="650" ind1=" " ind2=" ">
    <subfield code="a">Acoustical quality </subfield>
  </datafield>
  <datafield tag="653" ind1=" " ind2=" ">
    <subfield code="a">Computer-catalyzed </subfield>
  </datafield>
  <datafield tag="942" ind1=" " ind2=" ">
    <subfield code="2">udc</subfield>
    <subfield code="c">REP</subfield>
  </datafield>
  <datafield tag="999" ind1=" " ind2=" ">
    <subfield code="c">23968</subfield>
    <subfield code="d">23968</subfield>
  </datafield>
  <datafield tag="952" ind1=" " ind2=" ">
    <subfield code="0">0</subfield>
    <subfield code="1">0</subfield>
    <subfield code="2">udc</subfield>
    <subfield code="4">0</subfield>
    <subfield code="6">534063_K2</subfield>
    <subfield code="7">0</subfield>
    <subfield code="9">35218</subfield>
    <subfield code="a">NSL</subfield>
    <subfield code="b">NSL</subfield>
    <subfield code="c">GF/Rk-6/C-6/R-2</subfield>
    <subfield code="d">1965-06-19</subfield>
    <subfield code="l">0</subfield>
    <subfield code="o">534(063) K2</subfield>
    <subfield code="p">12796</subfield>
    <subfield code="r">2023-04-27 00:00:00</subfield>
    <subfield code="w">1965-06-19</subfield>
    <subfield code="y">REP</subfield>
  </datafield>
</record>
